| 000 | 00494nam a2200169 a 4500 | ||
|---|---|---|---|
| 001 | 000036206 | ||
| 003 | DO-SdBNP | ||
| 005 | 20220324140339.0 | ||
| 008 | 120111s1974 nq 000 0 spa d | ||
| 040 |
_aDO-SdBNP _bspa _cBNPHU |
||
| 100 | 1 |
_aKolman, E. _962268 |
|
| 245 | 1 | 1 |
_a¿Qué es la cibernética? / _cE. Kolman. |
| 260 |
_aBuenos Aires, Argentina : _bEdiciones Siglo Veinte, _c1974. |
||
| 300 |
_a91 p. ; _c20 cm. |
||
| 500 | _aIncluye notas al pie de las páginas. | ||
| 942 |
_2ddc _cLBS1 |
||
| 999 |
_c35697 _d35697 |
||